Statistics for Population of United States cities

Click here to take the quiz!

General Stats

  • This quiz has been taken 68 times
  • The average score is 67 of 100

Answer Stats

PopulationRankAnswer% Correct
8,336,6971New York City, New York
100%
2,714,8563Chicago, Illinois
100%
636,47921Boston, Massachusetts
100%
842,59211Austin, Texas
97%
443,77540Atlanta, Georgia
97%
634,53522Seattle, Washington
97%
3,857,7992Los Angeles, California
97%
603,10628Portland, Oregon
97%
825,86314San Francisco, California
97%
1,241,1629Dallas, Texas
97%
2,160,8214Houston, Texas
97%
1,338,3488San Diego, California
97%
413,89244Miami, Florida
93%
1,547,6075Philadelphia, Pennsylvania
93%
1,488,7506Phoenix, Arizona
93%
701,47518Detroit, Michigan
93%
632,32324Washington, DC
90%
634,26523Denver, Colorado
90%
596,42431Las Vegas, Nevada
90%
392,88047Minneapolis, Minnesota
90%
347,64553Tampa, Florida
90%
834,85213Indianapolis, Indiana
90%
423,17942Raleigh, North Carolina
86%
249,56277Orlando, Florida
86%
306,21161Pittsburgh, Pennsylvania
86%
464,31037Kansas City, Missouri
86%
259,38473Buffalo, New York
86%
369,25051New Orleans, Louisiana
86%
599,19929Oklahoma City, Oklahoma
86%
836,50712Jacksonville, Florida
86%
775,20217Charlotte, North Carolina
86%
621,34226Baltimore, Maryland
86%
982,76510San Jose, California
83%
1,382,9517San Antonio, Texas
83%
809,79815Columbus, Ohio
83%
624,49625Nashville, Tennessee
83%
421,57043Omaha, Nebraska
83%
672,53819El Paso, Texas
83%
390,92848Cleveland, Ohio
83%
318,17258St. Louis, Missouri
79%
431,83441Colorado Springs, Colorado
79%
290,77066St. Paul, Minnesota
76%
598,91630Milwaukee, Wisconsin
76%
345,61054Honolulu, Hawaii
76%
777,99216Fort Worth, Texas
76%
296,55065Cincinnati, Ohio
76%
655,15520Memphis, Tennessee
76%
212,038100Birmingham, Alabama
72%
475,51635Sacramento, California
72%
400,74045Oakland, California
72%
230,05890Baton Rouge, Louisiana
69%
524,29533Tucson, Arizona
69%
298,61063Anchorage, Alaska
69%
393,98746Tulsa, Oklahoma
69%
447,02139Virginia Beach, Virginia
69%
605,11027Louisville, Kentucky
66%
555,41732Albuquerque, New Mexico
66%
277,72768Newark, New Jersey
66%
505,88234Fresno, California
66%
385,57749Wichita, Kansas
62%
254,44175Jersey City, New Jersey
62%
467,89236Long Beach, California
62%
231,02789Reno, Nevada
62%
343,24855Anaheim, California
62%
312,19560Corpus Christi, Texas
59%
452,08438Mesa, Arizona
59%
313,67359Riverside, California
59%
358,59752Bakersfield, California
55%
284,01267Toledo, Ohio
55%
265,40472Lincoln, Nebraska
55%
212,30399Boise, Idaho
55%
277,08069Greensboro, North Carolina
52%
240,32382Madison, Wisconsin
52%
213,29598San Bernardino, California
48%
246,54178St. Petersburg, Florida
48%
254,55574Fort Wayne, Indiana
48%
339,03056Aurora, Colorado
45%
245,78279Norfolk, Virginia
45%
239,35883Durham, North Carolina
45%
375,60050Arlington, Texas
45%
330,92057Santa Ana, California
41%
305,48962Lexington, Kentucky
41%
223,49195North Las Vegas, Nevada
41%
236,06584Lubbock, Texas
41%
232,14387Glendale, Arizona
41%
234,34985Winston-Salem, North Carolina
38%
297,98464Stockton, California
34%
229,98591Irvine, California
34%
252,42276Chula Vista, California
34%
272,06870Plano, Texas
34%
225,42793Irving, Texas
31%
223,51494Scottsdale, Arizona
31%
265,67971Henderson, Nevada
31%
233,56486Garland, Texas
28%
231,94188Hialeah, Florida
28%
228,41792Chesapeake, Virginia
24%
221,98696Fremont, California
24%
244,73181Laredo, Texas
24%
245,62880Chandler, Arizona
24%
221,14097Gilbert Town, Arizona
10%

Score Distribution

Percentile by Number Answered

Percent of People with Each Score

Your Score History

You have not taken this quiz